• 首页
  • 本馆介绍
  • 公告通知
  • 最新文献
  • 馆藏检索
  • 电子资源
  • 读者导购
  • 参考咨询
  • 我的图书馆
  • 登录
  • 详细信息显示
  • 放入我的书架
  • 预约/预借图书
  • 作者相关作品
  • 分类相关作品
  • 丛书相关作品
  • 出版社相关作品

书目信息

  • 表格格式
  • 工作单格式
  • 卡片格式
题名:
教科书研究方法与质量保障研究
    
 
作者: 孔凡哲 , 张恰 著
分册:  
出版信息: 长春   东北师范大学出版社  2007
页数: 332页
开本: 23cm
丛书名:
单 册:
中图分类: G423.3
科图分类:
主题词: 教材--研究 , 教材
电子资源:
ISBN: 978-7-5602-5094-6
000 00873nam0 2200241 450
001 1259512874
005 20121005163228.28
010    @a978-7-5602-5094-6@dCNY32.00
100    @a20080703d2007 em y0chiy50 ea
101 0  @achi
102    @aCN@b220000
105    @ay z 000yy
200 1  @a教科书研究方法与质量保障研究@Ajiao ke shu yan jiu fang fa yu zhi liang bao zhang yan jiu@f孔凡哲,张恰等著
210    @a长春@c东北师范大学出版社@d2007
215    @a332页@d23cm
330    @a本书由教科书研究方法和教科书的质量保障研究方法组成,内容包括:教科书概论、教科书研究的常用方法、教科书的文本研究及其常用方法、教科书的实施及其研究方法、教科书评价研究等。
606 0  @a教材@x研究
606 0  @a教材
690    @aG423.3@v4
701  0 @a孔凡哲@Akong fan zhe@f(1965~)@4著
701  0 @a张恰@Azhang qia deng@4著
801  0 @aCN@bNLC@c20101222
905    @a10447@dG423.3@eJY493
    
    教科书研究方法与质量保障研究/孔凡哲,张恰等著.-长春:东北师范大学出版社,2007
    332页;23cm
    
    
    ISBN 978-7-5602-5094-6:CNY32.00
    本书由教科书研究方法和教科书的质量保障研究方法组成,内容包括:教科书概论、教科书研究的常用方法、教科书的文本研究及其常用方法、教科书的实施及其研究方法、教科书评价研究等。
●
相关链接 在E读中查询图书 在五车中查询图书 在当当中查询图书 在豆瓣中查询图书


正题名:教科书研究方法与质量保障研究     索取号:G423.3/JY493         预约/预借

序号 登录号 条形码 馆藏地/架位号 状态 备注
1 7806239   278062392   学院路分馆/ [索取号:G423.3/JY493] 在馆    
2 7806240   278062409   学院路分馆/ [索取号:G423.3/JY493] 在馆    
3 7806241   278062418   学院路分馆/ [索取号:G423.3/JY493] 在馆    
唐山师范学院图书馆 欢迎您!
大连网信软件有限公司© 版权所有